000 00298nam a2200109Ia 4500
001 1268580
005 20260417145253.0
008 260417s9999 xx 000 0 und d
020 _a9786256495111
245 0 _aŞahin Bey ve Gönlübollar’ın Zaferi
_cBüşra Şen Altun
260 _bKetebe Çocuk
999 _c1268580
_d1268580